| 000 | 00537nam a22001817a 4500 | ||
|---|---|---|---|
| 005 | 20211021153129.0 | ||
| 008 | 180223b ||||| |||| 00| 0 eng d | ||
| 020 | _a978-0-07-066755-6 | ||
| 040 | _cc | ||
| 082 | _a621.382 FRE | ||
| 100 |
_aFrenzel, Louis E. _910004 |
||
| 245 |
_aPrinciple of Electronic Communication Systems / _cLouis E. Frenzel |
||
| 250 | _a3rd ed. | ||
| 260 |
_aNew Delhi : _bMcGraw Hill, _c2016. |
||
| 300 |
_a885 p. ; _c24 cm. |
||
| 500 | _aPaperback. | ||
| 942 |
_2ddc _cBK _h621.382 FRE |
||
| 999 |
_c356162 _d356162 |
||